000 004060000a22001690004500
003 MACL
005 20160106141040.0
008 160106b xxu||||| |||| 00| 0 eng d
040 _aMACL
_cMACL
041 _aEnglish
082 _a900/MAN
100 _aMilman, Hart
_928743
245 _aHistory of the Jews
260 _bJ.M. Dent & Sons
_aLondon
650 _aHistory
_928744
942 _cBK
_k900/MAN
_2ddc
999 _c38856
_d38856